Nommez une commune Française A-Z - Contenant chaque lettre de l'alphabet - Statistiques

Statistiques générales
  • Ce quiz a été pris 11 368 fois
  • Le résultat moyen est 205 sur 659
Statistiques - réponses
Commence par Contient # Possible Exemple Communes % Correct
A A 1853 Angers
93%
B B 3191 Bordeaux
93%
P P 1794 Paris
93%
P A 1020 Paris
92%
P I 973 Paris
92%
L L 4273 Lyon
91%
M M 3136 Marseille
91%
P R 1062 Paris
91%
C C 3695 Clermont-Ferrand
90%
P S 787 Paris
90%
S S 5595 Strasbourg
90%
B E 2484 Bordeaux
89%
S A 5046 Strasbourg
89%
A E 1257 Angers
88%
B A 1901 Bordeaux
88%
B R 1911 Bordeaux
88%
M E 2278 Marseille
88%
C A 2519 Clermont-Ferrand
87%
L E 3761 Lille
87%
M A 2076 Marseille
87%
M R 1927 Marseille
87%
B O 1683 Bordeaux
86%
C E 2729 Clermont-Ferrand
86%
L O 2017 Lyon
86%
S T 4328 Strasbourg
86%
A N 1059 Angers
85%
L N 2059 Lyon
85%
M I 1676 Marseille
85%
M L 1434 Marseille
85%
M S 1420 Marseille
85%
S I 4738 Saint-Étienne
85%
B U 1729 Bordeaux
84%
N N 719 Nice
84%
S E 4617 Saint-Étienne
84%
S N 4817 Saint-Étienne
83%
S R 3592 Strasbourg
83%
A I 907 Aix-en-Provence
82%
C N 2032 Clermont-Ferrand
82%
L I 2091 Lille
82%
T T 1102 Toulouse
82%
B S 1508 Brest
81%
C R 2148 Clermont-Ferrand
81%
R R 1203 Rennes
81%
V V 2110 Villeurbanne
81%
D D 742 Dijon
80%
M O 1960 Montpellier
80%
S O 2584 Strasbourg
80%
S U 2606 Strasbourg
80%
A R 1013 Angers
79%
C O 1926 Clermont-Ferrand
79%
M N 2101 Montpellier
79%
M T 1469 Montpellier
79%
N E 588 Nice
79%
T O 546 Toulouse
79%
V E 1802 Villeurbanne
79%
L A 3091 Le Havre
78%
R E 920 Rennes
78%
T U 487 Toulouse
78%
C L 1640 Clermont-Ferrand
77%
T E 828 Toulouse
77%
A S 791 Angers
76%
B T 1006 Brest
76%
C S 1738 Colombes
76%
T S 458 Toulouse
76%
B I 1568 Boulogne-Billancourt
75%
B N 1660 Boulogne-Billancourt
75%
G G 1201 Grenoble
75%
L R 2318 Le Havre
75%
L Y 590 Lyon
75%
T L 438 Toulouse
75%
L S 1911 Le Mans
74%
N A 421 Nantes
74%
V I 1471 Villeurbanne
74%
A L 785 Argenteuil
73%
S G 1302 Strasbourg
73%
B D 405 Bordeaux
72%
R N 582 Rennes
72%
S B 974 Strasbourg
72%
V L 1366 Villeurbanne
72%
V N 1147 Villeurbanne
72%
A C 460 Aix-en-Provence
71%
C H 1471 Champigny-sur-Marne
71%
C I 1605 Créteil
71%
D N 418 Dijon
71%
N I 430 Nice
71%
V A 1252 Villeurbanne
71%
A G 414 Angers
70%
A O 648 Aix-en-Provence
70%
C T 1215 Clermont-Ferrand
70%
S L 2747 Saint-Paul
70%
T R 745 Tours
70%
P E 1329 Perpignan
69%
R O 755 Rouen
69%
B X 171 Bordeaux
68%
C M 934 Clermont-Ferrand
68%
E E 848 Évry-Courcouronnes
68%
G R 779 Grenoble
68%
R S 521 Rennes
68%
D I 412 Dijon
67%
F F 1148 Fort-de-France
67%
G E 883 Grenoble
67%
G N 708 Grenoble
67%
N C 154 Nice
67%
N S 351 Nantes
67%
A U 850 Argenteuil
66%
M U 1321 Montreuil
66%
N T 242 Nantes
66%
V R 1286 Villeurbanne
66%
V S 1029 Vitry-sur-Seine
66%
B L 1455 Boulogne-Billancourt
65%
D E 522 Dunkerque
65%
D U 343 Dunkerque
64%
L U 1995 La Seyne-sur-Mer
64%
O O 530 Orléans
64%
T N 512 Toulon
64%
A B 336 Aubervilliers
63%
C U 1662 Courbevoie
63%
R I 645 Reims
63%
S M 1689 Saint-Maur-des-Fossés
63%
A V 354 Aix-en-Provence
62%
P N 942 Perpignan
62%
P O 925 Poitiers
62%
R U 611 Rouen
62%
S D 1864 Saint-Denis
62%
B G 593 Boulogne-Billancourt
61%
D A 426 Drancy
61%
D R 407 Dunkerque
61%
F E 928 Fort-de-France
61%
L C 1300 La Rochelle
61%
L H 887 Le Havre
61%
O R 312 Orléans
60%
S C 1651 Sarcelles
60%
B C 771 Boulogne-Billancourt
59%
D O 407 Dijon
59%
L M 860 Le Mans
59%
O E 375 Orléans
59%
G A 649 Grasse
58%
O A 209 Orléans
58%
P T 567 Poitiers
58%
V U 933 Villeurbanne
58%
A M 320 Amiens
57%
F R 781 Fort-de-France
57%
G L 459 Grenoble
57%
G O 543 Grenoble
57%
L T 1440 Le Tampon
57%
A T 621 Argenteuil
56%
L V 723 Le Havre
56%
O N 234 Orléans
56%
P U 803 Pau
56%
H H 668 Hyères
55%
C Y 778 Champigny-sur-Marne
54%
E R 433 Évry-Courcouronnes
54%
F A 695 Fort-de-France
54%
F O 644 Fort-de-France
54%
N R 359 Nanterre
54%
V C 472 Valence
54%
C B 505 Colombes
53%
Q E 98 Quimper
53%
Q Q 119 Quimper
53%
Q U 119 Quimper
53%
R A 600 Roubaix
53%
H E 540 Hyères
52%
I I 199 Issy-les-Moulineaux
52%
L G 931 Limoges
52%
Q I 84 Quimper
52%
R M 268 Reims
52%
Y Y 61 Yerres
52%
B Y 556 Bobigny
51%
F N 670 Fort-de-France
51%
O S 243 Orléans
51%
Q R 51 Quimper
51%
N O 419 Nouméa
50%
N Y 168 Nancy
50%
S P 983 Saint-Paul
50%
T I 555 Tourcoing
50%
A X 107 Aix-en-Provence
49%
A Y 325 Annecy
49%
B Z 273 Béziers
49%
G I 651 Gennevilliers
49%
M Z 265 Metz
49%
O L 217 Orléans
49%
E A 398 Épinay-sur-Seine
48%
F I 582 Fontenay-sous-Bois
48%
I E 133 Issy-les-Moulineaux
48%
Q M 24 Quimper
48%
Q P 11 Quimper
48%
C G 582 Champigny-sur-Marne
47%
P G 319 Perpignan
47%
T A 587 Talence
47%
V O 903 Villenave-d'Ornon
47%
E N 423 Évry-Courcouronnes
46%
G B 118 Grenoble
46%
I S 95 Issy-les-Moulineaux
46%
M P 176 Montpellier
46%
S H 858 Saint-Herblain
46%
S V 997 Sevran
46%
E U 335 Évry-Courcouronnes
45%
F U 478 Fréjus
45%
J J 325 Joué-lès-Tours
45%
P L 855 Pontault-Combault
44%
F S 608 Fréjus
43%
H R 367 Hyères
43%
L D 863 Les Sables-d'Olonne
43%
E S 485 Évry-Courcouronnes
42%
G U 560 Goussainville
42%
L B 779 Le Blanc-Mesnil
42%
M C 802 Mérignac
42%
M G 617 Mérignac
42%
N M 122 Nîmes
42%
S Y 854 Saint-Germain-en-Laye
42%
A H 250 Athis-Mons
41%
D J 13 Dijon
41%
E L 350 Échirolles
41%
E V 168 Évry-Courcouronnes
41%
S Z 330 Saint-Nazaire
41%
C D 506 Clermont-Ferrand
40%
D K 2 Dunkerque
40%
D L 262 Draveil
40%
D Q 10 Dunkerque
40%
E I 368 Épinay-sur-Seine
40%
F T 417 Fort-de-France
40%
G S 491 Gennevilliers
40%
M D 373 Mamoudzou
40%
C V 564 Courbevoie
39%
F C 295 Fort-de-France
39%
H N 327 Haguenau
39%
H U 363 Haguenau
39%
I R 91 Ivry-sur-Seine
39%
A J 32 Ajaccio
38%
F L 583 Franconville
38%
I N 97 Issy-les-Moulineaux
38%
L P 708 Le Tampon
38%
N U 380 Nouméa
38%
E T 327 Ermont
37%
E Y 173 Évry-Courcouronnes
37%
H A 375 Haguenau
37%
M H 383 Mulhouse
37%
S J 406 Saint-Joseph
37%
B V 474 Beauvais
36%
C P 480 Champigny-sur-Marne
36%
H O 306 Houilles
36%
J O 152 Joué-lès-Tours
36%
M B 315 Montauban
36%
J E 216 Joué-lès-Tours
35%
R B 149 Roubaix
35%
T C 244 Tourcoing
35%
U U 120 Urrugne
35%
B M 473 Boulogne-sur-Mer
34%
E P 178 Épinay-sur-Seine
34%
J N 177 Joinville-le-Pont
34%
J U 221 Joué-lès-Tours
34%
M Y 620 Massy
34%
N L 393 Noisy-le-Grand
34%
P C 413 Pessac
34%
V D 402 Villeneuve-d'Ascq
34%
V T 574 Vitry-sur-Seine
34%
H S 243 Hyères
33%
I U 67 Issy-les-Moulineaux
33%
V Y 331 Vitry-sur-Seine
33%
A P 138 Aix-en-Provence
32%
G P 73 Gap
32%
I L 98 Issy-les-Moulineaux
32%
R L 415 Rueil-Malmaison
32%
T H 336 Thionville
32%
C F 181 Clermont-Ferrand
31%
R C 350 Rochefort
31%
C X 232 Châteauroux
30%
J A 187 Juvignac
30%
R T 358 Rambouillet
30%
S Q 131 Saint-Quentin
30%
T B 99 Tarbes
30%
T G 158 Tourcoing
30%
T Y 227 Troyes
30%
V B 211 Villeurbanne
30%
W W 196 Wattrelos
30%
A D 241 Agde
29%
B F 162 Belfort
29%
D X 44 Dreux
29%
H L 281 Houilles
29%
H Y 76 Hyères
29%
I O 64 Issy-les-Moulineaux
29%
I Y 37 Issy-les-Moulineaux
29%
J I 153 Joinville-le-Pont
29%
P V 237 Pontivy
29%
S F 329 Saint-Maur-des-Fossés
29%
D V 128 Draveil
28%
E O 278 Évry-Courcouronnes
28%
G D 222 Gradignan
28%
H I 367 Houilles
28%
I A 81 Issy-les-Moulineaux
28%
P Y 472 Poissy
28%
D S 280 Décines-Charpieu
27%
F G 191 Frontignan
27%
G M 202 Gujan-Mestras
27%
G V 235 Gennevilliers
27%
O G 86 Orange
27%
O U 181 Oullins-Pierre-Bénite
27%
R X 72 Roubaix
27%
S X 365 Six-Fours-les-Plages
27%
V H 215 Villefranche-sur-Saône
27%
R D 141 Rodez
26%
R H 209 Rochefort
26%
E C 307 Évry-Courcouronnes
25%
G T 306 Guyancourt
25%
G Y 219 Gagny
25%
I T 54 Istres
25%
J L 128 Joué-lès-Tours
25%
J R 124 Joué-lès-Tours
25%
J S 135 Joué-lès-Tours
25%
M X 192 Meaux
25%
N V 198 Nevers
25%
O I 245 Oullins-Pierre-Bénite
25%
P M 263 Pontault-Combault
25%
W E 158 Wattrelos
25%
W I 142 Wattignies
25%
B H 398 Baie-Mahault
24%
E X 53 Évreux
24%
N B 75 Narbonne
24%
O Y 99 Orly
24%
T V 181 Thionville
24%
U R 62 Urrugne
24%
V F 107 Villejuif
24%
W S 105 Wattrelos
24%
D G 107 Draguignan
23%
F B 98 Fontenay-sous-Bois
23%
F M 188 Faches-Thumesnil
23%
F Y 262 Fontenay-sous-Bois
23%
K K 77 Koungou
23%
P H 205 Plaisance-du-Touch
23%
R Y 225 Rosny-sous-Bois
23%
C Z 250 Charleville-Mézières
22%
E M 130 Ermont
22%
F D 98 Fort-de-France
22%
H T 260 Hénin-Beaumont
22%
I M 32 Issy-les-Moulineaux
22%
O T 134 Oullins-Pierre-Bénite
22%
Q N 69 Quincy-sous-Sénart
22%
U E 75 Urrugne
22%
W A 109 Wattrelos
22%
Y E 47 Yerres
22%
E B 102 Eaubonne
21%
K R 45 Kourou
21%
U S 45 Ussel
21%
V X 192 Vénissieux
21%
W O 72 Wattrelos
21%
A Z 154 Anzin
20%
D M 279 Dumbéa
20%
G C 266 Guyancourt
20%
J V 67 Joinville-le-Pont
20%
J Y 84 Juvisy-sur-Orge
20%
L X 251 Le Perreux-sur-Marne
20%
R Z 80 Rezé
20%
V G 333 Villeneuve-Saint-Georges
20%
V Z 125 Vierzon
20%
W L 101 Wattrelos
20%
D C 155 Drancy
19%
D P 99 Décines-Charpieu
19%
E H 118 Échirolles
19%
H G 138 Haguenau
19%
I X 12 Issy-les-Moulineaux
19%
K O 30 Koungou
19%
M V 420 Mantes-la-Ville
19%
P X 120 Puteaux
19%
R F 93 Rochefort
19%
V M 310 Villiers-sur-Marne
19%
W R 106 Wattrelos
19%
F X 70 Fontenay-aux-Roses
18%
H M 148 Hénin-Beaumont
18%
J C 78 Juvignac
18%
K U 28 Koungou
18%
L F 289 Le François
18%
N G 100 Noisy-le-Grand
18%
D B 86 Dumbéa
17%
D Y 128 Drancy
17%
H D 103 Hendaye
17%
I D 35 Illkirch-Graffenstaden
17%
L Z 249 Lys-lez-Lannoy
17%
P D 281 Plaisance-du-Touch
17%
Q L 36 Quimperlé
17%
R G 230 Ris-Orangis
17%
W T 68 Wattrelos
17%
W U 63 Wasquehal
17%
E G 148 Éragny
16%
F H 128 Forbach
16%
F J 19 Fréjus
16%
F V 188 Franconville
16%
H B 98 Herblay-sur-Seine
16%
H F 27 Harfleur
16%
I V 30 Ivry-sur-Seine
16%
M F 125 Maisons-Alfort
16%
Q B 14 Questembert
16%
Q O 34 Quincy-sous-Sénart
16%
U Z 22 Uzès
16%
Y S 17 Yerres
16%
G H 126 Grande-Synthe
15%
H C 172 Hérouville-Saint-Clair
15%
I G 46 Illkirch-Graffenstaden
15%
J G 64 Juvisy-sur-Orge
15%
L Q 143 Le Chesnay-Rocquencourt
15%
O H 73 Onet-le-Château
15%
O M 97 Oloron-Sainte-Marie
15%
R V 218 Romainville
15%
W H 68 Wasquehal
15%
Y R 37 Yerres
15%
J T 64 Joué-lès-Tours
14%
N D 124 Noisy-le-Grand
14%
T M 165 Tremblay-en-France
14%
W M 57 Wittenheim
14%
W N 93 Wattignies
14%
D T 211 Domont
13%
D Z 65 Dzaoudzi
13%
K E 69 Kingersheim
13%
P B 145 Pontault-Combault
13%
V J 29 Villejuif
13%
A F 64 Alfortville
12%
C Q 66 Coudekerque-Branche
12%
K N 41 Koungou
12%
M J 52 Mantes-la-Jolie
12%
M Q 74 Marcq-en-Barœul
12%
W G 46 Wattignies
12%
Y U 19 Yutz
12%
Y V 27 Yvetot
12%
I C 33 Illkirch-Graffenstaden
11%
O V 91 Orvault
11%
O X 29 Oyonnax
11%
P F 92 Ploufragan
11%
Q T 41 Quincy-sous-Sénart
11%
R Q 64 Roquebrune-sur-Argens
11%
U N 41 Urrugne
11%
V Q 59 Villeneuve-d'Ascq
11%
W Y 22 Woippy
11%
Y I 17 Yssingeaux
11%
Y N 25 Yssingeaux
11%
G X 52 Gex
10%
I H 30 Illkirch-Graffenstaden
10%
K G 24 Koungou
10%
K I 42 Kingersheim
10%
O B 66 Oullins-Pierre-Bénite
10%
O C 106 Onet-le-Château
10%
O D 61 Orée d'Anjou
10%
P Z 113 Plouzané
10%
Q A 47 Quincy-sous-Sénart
10%
U L 33 Ussel
10%
Y A 22 Yssingeaux
10%
Y O 24 Yvetot
10%
Z Z 34 Zonza
10%
F P 53 Fécamp
9%
G F 50 Gif-sur-Yvette
9%
H V 147 Hérouville-Saint-Clair
9%
I F 8 Illkirch-Graffenstaden
9%
J M 35 Jouy-le-Moutier
9%
J Z 29 Janzé
9%
K A 33 Kervignac
9%
K L 35 Kani-Kéli
9%
K S 31 Kingersheim
9%
N H 98 Noyal-Châtillon-sur-Seiche
9%
O Z 49 Ozoir-la-Ferrière
9%
Q S 46 Quincy-sous-Sénart
9%
U G 14 Urrugne
9%
U I 39 Unieux
9%
V P 120 Villepinte
9%
W B 28 Wambrechies
9%
W Q 12 Wasquehal
9%
Y T 15 Yutz
9%
Z E 24 Zillisheim
9%
B K 8 Berck
8%
B P 153 Beaupréau-en-Mauges
8%
D H 79 Décines-Charpieu
8%
E Z 44 Ézanville
8%
L J 69 Longjumeau
8%
Q C 40 Quincy-sous-Sénart
8%
Q Y 33 Quincy-sous-Sénart
8%
R P 98 Rillieux-la-Pape
8%
T D 104 Tassin-la-Demi-Lune
8%
T F 57 Tremblay-en-France
8%
T P 58 Trappes
8%
U A 44 Ustaritz
8%
W P 11 Woippy
8%
X E 15 Xertigny
8%
X R 14 Xertigny
8%
X X 21 Xertigny
8%
Y X 5 Yssingeaux
8%
B J 40 Bourgoin-Jallieu
7%
H Z 29 Hazebrouck
7%
K H 27 Kingersheim
7%
K M 22 Kingersheim
7%
K T 23 Knutange
7%
M K 12 Malakoff
7%
N F 58 Neuville-en-Ferrain
7%
U C 28 Uckange
7%
W C 50 Wambrechies
7%
X N 12 Xertigny
7%
X T 10 Xertigny
7%
Y G 6 Yssingeaux
7%
Z A 17 Zonza
7%
Z I 18 Zillisheim
7%
Z N 16 Zonza
7%
G Z 85 Gerzat
6%
I K 1 Illkirch-Graffenstaden
6%
I Z 24 Illzach
6%
L W 16 Longwy
6%
S W 23 Stiring-Wendel
6%
U H 20 Uchaud
6%
U T 26 Ustaritz
6%
X I 10 Xertigny
6%
X L 7 Xonrupt-Longemer
6%
X O 11 Xonrupt-Longemer
6%
Y Z 8 Yutz
6%
Z C 7 Zuydcoote
6%
Z L 11 Zillisheim
6%
Z O 10 Zonza
6%
Z R 14 Zutkerque
6%
Z U 11 Zutkerque
6%
A K 4 Altkirch
5%
A Q 28 Arques
5%
B Q 84 Blanquefort
5%
E D 80 Escaudain
5%
E F 27 Elbeuf
5%
E Q 39 Escalquens
5%
F Q 40 Fouquières-lès-Lens
5%
H K 11 Hazebrouck
5%
J B 23 Jacob-Bellecombette
5%
J D 27 Jard-sur-Mer
5%
J P 16 Joinville-le-Pont
5%
J X 19 Jaux
5%
K B 9 Kembs
5%
L K 3 Le Kremlin-Bicêtre
5%
N P 55 Neuilly-Plaisance
5%
O F 28 Ozoir-la-Ferrière
5%
P Q 48 Plan-de-Cuques
5%
R W 22 Roost-Warendin
5%
T X 57 Tinqueux
5%
W D 27 Wervicq-Sud
5%
W V 21 Wavrin
5%
X A 12 Xanton-Chassenon
5%
X G 3 Xertigny
5%
X M 6 Xonrupt-Longemer
5%
X U 9 Xonrupt-Longemer
5%
X Y 6 Xertigny
5%
Y C 13 Yffiniac
5%
Z G 10 Zegerscappel
5%
Z H 6 Zillisheim
5%
Z M 8 Zillisheim
5%
Z S 8 Zillisheim
5%
Z T 8 Zutkerque
5%
B W 22 Bischwiller
4%
D F 34 Domfront en Poiraie
4%
G W 12 Guebwiller
4%
H P 47 Houplines
4%
I B 18 Isbergues
4%
J H 31 Jouars-Pontchartrain
4%
J Q 13 Jonquières
4%
K C 17 Kervignac
4%
K F 10 Kanfen
4%
K V 3 Kervignac
4%
K Z 8 Kintzheim
4%
N X 32 Nœux-les-Mines
4%
N Z 51 Nouzonville
4%
O P 31 Oullins-Pierre-Bénite
4%
Q G 11 Quetigny
4%
Q V 21 Quéven
4%
T Z 65 Trélazé
4%
U O 22 Uturoa
4%
U Y 20 Uxegney
4%
W X 4 Wimereux
4%
W Z 12 Wintzenheim
4%
X P 2 Xonrupt-Longemer
4%
X S 8 Xanton-Chassenon
4%
Y L 19 Yvré-l'Évêque
4%
Z D 2 Zuydcoote
4%
Z Y 2 Zuydcoote
4%
A W 9 Ammerschwihr
3%
C J 27 Chemillé-en-Anjou
3%
C K 3 Coudekerque-Branche
3%
F Z 31 Frouzins
3%
G J 19 Gujan-Mestras
3%
H X 19 Heyrieux
3%
J F 2 Jœuf
3%
K D 7 Kertzfeld
3%
K P 7 Kersaint-Plabennec
3%
K Y 1 Kaysersberg Vignoble
3%
O W 11 Ostwald
3%
Q D 8 Quesnoy-sur-Deûle
3%
Q H 7 Quiévrechain
3%
Q X 7 Quincieux
3%
Q Z 8 Quiers-sur-Bezonde
3%
T Q 30 Tinqueux
3%
U M 12 Ungersheim
3%
U P 9 Ua-Pou
3%
U X 9 Unieux
3%
W F 13 Wolfisheim
3%
X C 4 Xanton-Chassenon
3%
X V 5 Xivry-Circourt
3%
Y D 5 Ydes
3%
Y F 2 Yffiniac
3%
Y H 3 Ychoux
3%
Y M 8 Ymare
3%
Y P 4 Yvré-le-Pôlin
3%
Z B 4 Zimmerbach
3%
Z F 2 Zoufftgen
3%
Z K 2 Zutkerque
3%
Z P 2 Zegerscappel
3%
Z Q 3 Zutkerque
3%
Z W 2 Zellwiller
3%
C W 6 Creutzwald
2%
E K 5 Eckbolsheim
2%
E W 11 Éleu-dit-Leauwette
2%
F K 7 Fameck
2%
F W 6 Fournes-en-Weppes
2%
H Q 21 Haverskerque
2%
H W 8 Horbourg-Wihr
2%
I P 12 Imphy
2%
I W 3 Ingwiller
2%
K W 3 Kindwiller
2%
M W 14 Morschwiller-le-Bas
2%
N J 10 Naujac-sur-Mer
2%
O J 6 Orée d'Anjou
2%
P J 27 Port-Jérôme-sur-Seine
2%
S K 15 Steenwerck
2%
T K 5 Téteghem-Coudekerque-Village
2%
U B 10 Ubaye-Serre-Ponçon
2%
U D 8 Uchaud
2%
U F 7 Uffholtz
2%
U K 2 Uckange
2%
U V 10 Unverre
2%
U W 3 Uhrwiller
2%
W J 1 Wy-dit-Joli-Village
2%
X B 1 Xambes
2%
X F 1 Xaffévillers
2%
X H 1 Xanton-Chassenon
2%
Y B 6 Yébleron
2%
Y Q 5 Yvré-l'Évêque
2%
Z V 2 Zicavo
2%
Z X 1 Zoteux
2%
D W 3 Dettwiller
1%
E J 7 Erdre-en-Anjou
1%
G K 2 Goetzenbruck
1%
G Q 12 Gréasque
1%
H J 4 Hauteville-lès-Dijon
1%
I J 1 Injoux-Génissiat
1%
I Q 4 Isques
1%
J W 2 Jetterswiller
1%
K X 1 Kerprich-aux-Bois
1%
N K 5 Nuku-Hiva
1%
N Q 12 Nortkerque
1%
N W 5 Neuwiller-lès-Saverne
1%
O K 3 Offekerque
1%
O Q 9 Oucques La Nouvelle
1%
P K 1 Pukapuka
1%
P W 2 Plaine-de-Walsch
1%
Q F 4 Quint-Fonsegrives
1%
Q J 2 Quincié-en-Beaujolais
1%
R J 14 Remire-Montjoly
1%
R K 3 Rodemack
1%
T J 14 Tignieu-Jameyzieu
1%
U Q 2 Uchacq-et-Parentis
1%
V K 5 Veckring
1%
V W 2 Vireux-Wallerand
1%
W K 6 Wickerschwihr
1%
Aucun quiz correspondant
Distribution des résultats
% des personnes avec chaque résultat
Percentile par nombre de réponses
Votre historique - résultats
Vous n’avez pas pris ce quiz